Loading...
| Auditory Arts | 4 | 17.50 | 100% | 75% | 0% |
| Beliefs | 12 | 19.17 | 92% | 67% | 33% |
| Current Events | 6 | 18.33 | 100% | 67% | 17% |
| Fine Arts - Other Arts | 5 | 18.00 | 100% | 60% | 20% |
| History - American | 3 | 13.33 | 100% | 0% | 33% |
| History - Ancient | 4 | 27.50 | 100% | 100% | 75% |
| History - European | 5 | 22.00 | 100% | 80% | 40% |
| History - Other | 3 | 20.00 | 100% | 100% | 0% |
| History - World | 7 | 12.86 | 100% | 29% | 0% |
| Literature - American | 6 | 18.33 | 100% | 50% | 33% |
| Literature - British | 4 | 20.00 | 75% | 100% | 25% |
| Literature - European | 5 | 18.00 | 100% | 80% | 0% |
| Literature - World | 3 | 26.67 | 100% | 100% | 67% |
| Other Academic | 2 | 20.00 | 50% | 100% | 50% |
| Philosophy | 4 | 27.50 | 100% | 100% | 75% |
| Science - Biology | 4 | 10.00 | 100% | 0% | 0% |
| Science - Chemistry | 6 | 10.00 | 100% | 0% | 0% |
| Science - Other | 2 | 25.00 | 100% | 100% | 50% |
| Science - Physics | 4 | 22.50 | 100% | 75% | 50% |
| Social Science | 8 | 12.50 | 75% | 50% | 0% |
| Visual Arts | 8 | 22.50 | 100% | 88% | 38% |